Fergie Charting Songs (Billboard Hot 100) - Statistics

General Stats
  • This quiz has been taken 71 times
  • The average score is 7 of 11
Answer Stats
Album Weeks On Peak Artist(s) Song % Correct
The Dutchess 48 Weeks #1 (1 Week) Fergie Big Girls Don't Cry
92%
The Dutchess 27 Weeks #2 Fergie ft. will.i.am Fergalicious
92%
The Dutchess 21 Weeks #1 (3 Weeks) Fergie London Bridge
92%
The Dutchess 29 Weeks #1 (2 Weeks) Fergie ft. Ludacris Glamorous
87%
The Dutchess 25 Weeks #5 Fergie Clumsy
81%
Double Dutchess 3 Weeks #34 Fergie M.I.L.F. $
75%
Double Dutchess 18 Weeks #27 Fergie L.A.LOVE (la la)
73%
The Great Gatsby 2 Weeks #77 Fergie, Q-Tip & GoonRock A Little Party Never Killed Nobody (All We Got)
44%
One More Love 20 Weeks #31 David Guetta & Chris Willis ft. Fergie & LMFAO Gettin' Over You
42%
Brass Knuckles 10 Weeks #40 Nelly ft. Fergie Party People
40%
El Cartel: The Big Boss 7 Weeks #56 Daddy Yankee ft. Fergie Impacto
21%
No matching quizzes found
Score Distribution
Percent of People with Each Score
Percentile by Number Answered
Your Score History
You have not taken this quiz